Vista normal
Vista MARC
Entrada Materia (corporativa)
Número de registros utilizados en: 1
001 - CONTROL NUMBER
- control field: 96930
003 - CONTROL NUMBER IDENTIFIER
- control field: Co-BoUCM
005 - DATE AND TIME OF LATEST TRANSACTION
- control field: 20190606104213.0
008 - FIXED-LENGTH DATA ELEMENTS
- fixed length control field: 190606|| aca||aabn | a|a d
040 ## - CATALOGING SOURCE
- Original cataloging agency: Co-BoUCM
- Transcribing agency: Co-BoUCM
110 ## - HEADING--CORPORATE NAME
- Corporate name or jurisdiction name as entry element: International Labour Organisation
670 ## - SOURCE DATA FOUND
- Source citation: Work cat.: (Co-BoUCM)312911: International Labour Organisation, Meeting the social debt, 1988